Capital Cities Starting and Ending with a Vowel - Statistics

General Stats
  • This quiz has been taken 482 times
  • The average score is 8 of 13
Answer Stats
Capital % Correct
Oslo
84%
Ottawa
70%
Ankara
69%
Abuja
67%
Addis Ababa
65%
Accra
61%
Astana
61%
Asmara
60%
Apia
58%
Andorra la Vella
55%
Antananarivo
54%
Abu Dhabi
52%
Ouagadougou
46%
No matching quizzes found
Score Distribution
Percent of People with Each Score
Percentile by Number Answered
Your Score History
You have not taken this quiz